• 首页
  • 本馆介绍
  • 公告通知
  • 最新文献
  • 馆藏检索
  • 电子资源
  • 读者导购
  • 参考咨询
  • 我的图书馆
  • 登录
  • 详细信息显示
  • 放入我的书架
  • 预约/预借图书
  • 作者相关作品
  • 分类相关作品
  • 丛书相关作品
  • 出版社相关作品

书目信息

  • 表格格式
  • 工作单格式
  • 卡片格式
题名:
物性分析仪器
    
 
作者: 李玉忠 主编
分册:  
出版信息: 北京   化学工业出版社  2005
页数:
开本: 26cm
丛书名: 分析仪器使用与维护丛书
单 册:
中图分类: TH83
科图分类:
主题词: 分析仪器--成分分析 , 分析仪器
电子资源:
ISBN: 7-5025-6931-6
000 00619nam0 2200217 450
001 0754114953
005 20070929150154.95
010    @a7-5025-6931-6
100    @a20070929d km y0chiy0120 ea
101 0  @achi
200 1  @a物性分析仪器@Awu xing fen xi yi qi@f李玉忠 主编@Fli yu zhong zhu bian
210    @a北京@c化学工业出版社@d2005
215    @c插图@d26cm
225 2  @a分析仪器使用与维护丛书
410  0 @12001 @a分析仪器使用与维护丛书
606 0  @a分析仪器@x成分分析
606 0  @a分析仪器
690    @aTH83@v3
701  0 @a李玉忠@Ali yu zhong@4主编
801  0 @aCN@bPFT@c20070929
905    @a213230@dTH83@eh7@f1
    
    物性分析仪器/李玉忠 主编.-北京:化学工业出版社,2005
    插图;26cm.-(分析仪器使用与维护丛书)
    
    
    ISBN 7-5025-6931-6:
    
●
相关链接 在E读中查询图书 在五车中查询图书 在当当中查询图书 在豆瓣中查询图书


正题名:物性分析仪器     索取号:TH83/h7         预约/预借

序号 登录号 条形码 馆藏地/架位号 状态 备注
1 6002330   260023307   密集书库-化学系/ [索取号:TH83/h7] 在馆    
2 6002337   260023370   密集书库-化学系/ [索取号:TH83/h7] 在馆    
唐山师范学院图书馆 欢迎您!
大连网信软件有限公司© 版权所有